Obálka
Pro půjčování e-knih musíte být přihlášeni.
Jak si půjčit online?

Tajemství zdravého pohybu : autorské čtení /

Uloženo v:
Hlavní autor: Novotný, Michal, 1974- (Autor, Vypravěč-komentátor)
Další autoři: Lišková, Karolína (Autor, Vypravěč-komentátor), Hoppe, Radek, 1979- (Autor), Tůma, Daniel, 1978- (Vypravěč-komentátor)
Médium: E-audiokniha
Jazyk:Czech
Vydáno: Praha : Voxi, [2025]
Edice:Rozhovory (Vyšehrad)
Témata:
Tagy:
Žádné tagy
LEADER 04728nim a2201129 i 4500
001 313400
003 CZ PrSKC
005 20260601215741.0
007 sd fungnnmmned
008 250430t20252025xr nnnng bt n cze
015 |a cnb003683717 
020 |z 978-80-7448-344-8 :  |c Kč 399,00 
040 |a ABA001  |b cze  |e rda 
043 |a e-xr--- 
045 |a x7y- 
072 7 |a 615.8  |x Fyzioterapie. Psychoterapie. Alternativní lékařství  |2 Konspekt 
072 7 |a 929  |x Biografie  |2 Konspekt 
080 |a 615.81/.84-051  |2 MRF 
080 |a 796.071.43  |2 MRF 
080 |a 615.81/.84  |2 MRF 
080 |a 616.8-009.7-08  |2 MRF 
080 |a 615.81/.84:796/799  |2 MRF 
080 |a 613  |2 MRF 
080 |a 929  |2 MRF 
080 |a (437.3)  |2 MRF 
080 |a (047.53)  |2 MRF 
080 |a (086.7)08  |2 MRF 
080 |a (086.76)  |2 MRF 
100 1 |a Novotný, Michal,  |d 1974-  |7 xx0310961  |4 aut  |4 nrt 
245 1 0 |a Tajemství zdravého pohybu :  |b autorské čtení /  |c Karolína Lišková, Michal Novotný 
264 1 |a Praha :  |b Voxi,  |c [2025] 
264 4 |c ©2025 
300 |a 1 audiodisk (6 hod., 39 min.) ;  |c 12 cm 
306 |a 063900 
336 |a mluvené slovo  |b spw  |2 rdacontent 
337 |a audio  |b s  |2 rdamedia 
338 |a audiodisk  |b sd  |2 rdacarrier 
344 |a digital  |b optical  |2 rda 
347 |a audio soubor  |b MP3  |2 rda 
490 1 |a Rozhovory 
500 |a Název z disku 
500 |a Vydalo nakladatelství Voxi ve společnosti Albatros Media 
500 |a Podle stejnojmenné knihy vydané nakladatelstvím Vyšehrad v roce 2024 
500 |a Nezkrácená audiokniha ve formátu MP3 
508 |a Režie, Daniel Tůma 
511 0 |a Čtou Karolina Lišková, Michal Novotný, Radek Hoppe 
518 |o Nahráno  |d 2025  |p studio Karpofon (AudioStory) 
600 1 7 |a Novotný, Michal,  |d 1974-  |7 xx0310961  |2 czenas 
648 7 |a 20.-21. století  |7 ch462155  |2 czenas 
650 0 7 |a fyzioterapeuti  |7 ph871608  |z Česko  |y 20.-21. století  |2 czenas 
650 0 7 |a trenéři  |7 ph202160  |z Česko  |y 20.-21. století  |2 czenas 
650 0 7 |a fyzioterapie  |7 ph120452  |2 czenas 
650 0 7 |a sportovní fyzioterapie  |7 ph630718  |2 czenas 
650 0 7 |a terapie bolesti  |7 ph135067  |2 czenas 
650 0 7 |a zdravý životní styl  |7 ph127592  |2 czenas 
650 0 9 |a physiotherapists  |z Czechia  |y 20th-21st centuries  |2 eczenas 
650 0 9 |a sports coaches  |z Czechia  |y 20th-21st centuries  |2 eczenas 
650 0 9 |a physiotherapy  |2 eczenas 
650 0 9 |a sports physiotherapy  |2 eczenas 
650 0 9 |a pain therapy  |2 eczenas 
650 0 9 |a healthy lifestyle  |2 eczenas 
655 7 |a rozhovory  |7 fd133303  |2 czenas 
655 7 |a audioknihy  |7 fd119452  |2 czenas 
655 7 |a kompaktní disky  |7 fd201991  |2 czenas 
655 9 |a interviews  |2 eczenas 
655 9 |a audiobooks  |2 eczenas 
655 9 |a compact discs  |2 eczenas 
700 1 |a Lišková, Karolína  |7 mzk20241241027  |4 aut  |4 nrt 
700 1 |a Hoppe, Radek,  |d 1979-  |7 xx0283947  |4 nrt 
700 1 |a Tůma, Daniel,  |d 1978-  |7 xx0131764  |4 drt 
830 0 |a Rozhovory (Vyšehrad) 
900 |a ABA001  |b 19 
928 9 |a Albatros Media 
044 |a xr 
505 0 0 |t 01_Hvezdam na dosah (17 min., 17 sek.) 
505 0 0 |t 02_Detstvi v pohybu (20 min., 3 sek.) 
505 0 0 |t 03_Cesta do ATP (21 min., 54 sek.) 
505 0 0 |t 04_Kurt 20 Urgentni (17 min., 15 sek.) 
505 0 0 |t 05_Kurt 20 Urgentni - pokracovani (23 min., 43 sek.) 
505 0 0 |t 06_Jak se pozna tenisovy talent (24 min., 41 sek.) 
505 0 0 |t 07_Mozart jako cesta k interpretaci zraneni (24 min., 33 sek.) 
505 0 0 |t 08_Mozart jako cesta k interpretaci zraneni - pokracovani (16 min., 39 sek.) 
505 0 0 |t 09_Varovne signaly patere (14 min., 8 sek.) 
505 0 0 |t 10_Varovne signaly patere - pokracovani (22 min., 51 sek.) 
505 0 0 |t 11_A ten mic kulaty (13 min., 26 sek.) 
505 0 0 |t 12_Kde jsou koreny bolesti (27 min., 26 sek.) 
505 0 0 |t 13_Kde jsou koreny bolesti - pokracovani (28 min., 59 sek.) 
505 0 0 |t 14_Jak dostat deti od mobilu ke sportu (16 min., 52 sek.) 
505 0 0 |t 15_Nejvetsi myty (9 min., 51 sek.) 
505 0 0 |t 16_Pohybem k dlouhovekosti (26 min., 41 sek.) 
505 0 0 |t 17_Pohybem k dlouhovekosti - pokracovani (10 min., 11 sek.) 
505 0 0 |t 18_Umime naslouchat reci sveho tela (29 min., 51 sek.) 
505 0 0 |t 19_Na place se superhrdinou (17 min., 8 sek.) 
505 0 0 |t 20_Volnym padem do pisku (15 min., 20 sek.) 
910 |a RBIT002 
998 |d 417560  |a https://core.palmknihy.cz/api/books/417560/cover?ssbw7q  |b https://core.palmknihy.cz/api/books/417560/cover/400?ssbw7q  |c https://core.palmknihy.cz/api/books/417560/cover/50?ssbw7q  |e 2034-12-31  |i 9788074483448  |l 23940  |q 49  |r 1  |s https://www.palmknihy.cz/kniha/417560  |t audiobook  |y 2025  |z 0 
999 |d 313398